Biblioteca

Resiliente : (Registro nro. 71345)

Detalles MARC
000 -LÍDER
Campo fijo de descripción fija 01440nam a2200361 i 4500
001 - NÚMERO DE CONTROL
Campo de control 768714001
003 - IDENTIFICADOR DEL NÚMERO DE CONTROL
Campo de control CO-MdFUSB
005 - FECHA Y HORA DE LA ULTIMA TRANSACCIÓN
control field 20250709084733.0
007 - CAMPO FIJO DE DESCRIPCIÓN FIJA--INFORMACIÓN GENERAL
Campo fijo de descripción fija ta
008 - ELEMENTOS DE LONGITUD FIJA -- INFORMACIÓN GENERAL
Campo fijo de descripción fija -- Información general 250704t2024 --us |||| |||| 00| 0 spa d
020 ## - NÚMERO INTERNACIONAL NORMALIZADO PARA LIBROS
Número Internacional Normalizado del libro 9780789926883
040 ## - FUENTE DE CATALOGACIÓN
Agencia de catalogación original CO-MdFUSB
Idioma de catalogación spa
Agencia que realiza la transcripción CO-MdFUSB
Agencia que realiza la modificación CO-MdFUSBC
Convenciones de la descripción rda
041 ## - CÓDIGO DE IDIOMA
Código de idioma para texto/pista de sonido o título separado spa
Código de idioma original eng
082 ## - NÚMERO DE CLASIFICACIÓN DECIMAL DEWEY
Número de la edición del Dewey 23
Número de clasificación 248.4
Clave de autor-Numero de item EL37
100 ## - ASIENTO PRINCIPAL--NOMBRE PERSONAL
Nombre personal Eldredge, John,
Término relacionador autor
240 ## - TITULO UNIFORME
Título uniforme <a href="Resilient">Resilient</a>
245 ## - TÍTULO
Título del Material Resiliente :
Parte restante del título - Subtitulo restaura tu alma agotada en estos tiempos turbulentos
Mención de responsabilidad, etc. / John Eldredge ; traducido por Concepción Ramos ; editado por Nancy Pineda
250 ## - MENCIÓN DE EDICIÓN
Mención de edición primera edición
264 ## - PRODUCCIÓN, PUBLICACIÓN, DISTRIBUCIÓN, MANUFACTURA, Y COPYRIGHT
Nombre del productor, publicador, distribuidor Unilit,
Lugar de producción, publicación, distribución, manufactura Florida, Estados Unidos :
Fecha de producción, publicación, distribución, manufactura, o copyright [2024]
300 ## - DESCRIPCIÓN FÍSICA
Extensión 237 páginas
Dimensiones ; 22 cm
336 ## - TIPO DE CONTENIDO
Fuente rdacontent
Término de tipo de contenido texto
Código de tipo de contenido txt
337 ## - TIPO DE MEDIO
Fuente rdamedia
Nombre del tipo de medio sin mediación
Código del tipo de medio n
338 ## - TIPO DE SOPORTE
Fuente rdacarrier
Nombre del tipo de soporte volumen
Código Tipo de soporte nc
505 ## - NOTA DE CONTENIDO
Nota de contenido con formato preestablecido Sólo quiero que la vida sea buena de nuevo. -- ¿Dónde estamos? ¿Qué sucede? -- La fuerza que prevalece. -- La gloria del Edén, no la desolación. -- La seguridad de la abundancia. -- Lugares inconversos. -- El reino sin el Rey. -- El pozo profundo dentro de nosotros. -- Tu receta. -- ¡Resiste!
563 ## - NOTA DE ENCUADERNACIÓN
Nota de encuadernación Rústico
650 #0 - ASIENTO SECUNDARIO DE MATERIA - TERMINO TEMÁTICO
Término temático o nombre geográfico como elemento de entrada Vida cristiana
9 (RLIN) 19
650 #0 - ASIENTO SECUNDARIO DE MATERIA - TERMINO TEMÁTICO
Término temático o nombre geográfico como elemento de entrada Vida espiritual
9 (RLIN) 51
650 #0 - ASIENTO SECUNDARIO DE MATERIA - TERMINO TEMÁTICO
Término temático o nombre geográfico como elemento de entrada Resiliencia
Término temático que sigue al nombre geográfico como elemento de entrada (Psicología)
9 (RLIN) 318
700 ## - ASIENTO SECUNDARIO - NOMBRE PERSONAL
Nombre personal Ramos, Concepción,
9 (RLIN) 11677
Responsabilidad traductor
700 ## - ASIENTO SECUNDARIO - NOMBRE PERSONAL
Nombre personal Pineda, Nancy,
9 (RLIN) 8516
Responsabilidad editor
942 ## - TIPO DE MATERIAL (KOHA)
Tipo de Item KOHA Libros General
945 ## - INFORMACIÓN LOCAL DEL REGISTRO
Catalogador JTF-925
Existencias
Estado de Material Estado de Perdido Forma de Clasificación Estado de Dañado No para Préstamo Colección Biblioteca de Origen Biblioteca Permanente Fecha de Adquisición Área Total de Préstamos Signatura Topográfica Código de Barras Última vez visto Ejemplar/Existencia Fecha de Remplazo Tipo de Material
    Dewey Decimal Classification     Colección General Biblioteca FUSBC Biblioteca FUSBC 04/07/2025 VIDA CRISTIANA   G 248.4 EL37r 23815 02/08/2025 Ej. 1 04/07/2025 Libros General

Biblioteca FUSBC | Teléfono: (57+4) 349 88 10 Ext. 141| WhatsApp (+57) 3005338115 
E-mail: biblioteca@unisbc.edu.co | Calle 76 87-14 Robledo Palenque, Medellín, Colombia

Con tecnología Koha